New global perspectives on archaeological prospection : 13th International Conference on Archaeological Prospection, 28 August - 1 September 2019, Sligo - Ireland /
This volume presents over 90 papers from the 13th International Conference on Archaeological Prospection 2019, Sligo. Papers address archaeological prospection techniques, methodologies and case studies from 33 countries across Africa, Asia, Australasia, Europe and North America, reflecting current...
مؤلف مشترك:
مؤلفون آخرون:
التنسيق: وقائع المؤتمر كتاب الكتروني
اللغة: English
منشور في:
Summertown, Oxford :
Archaeopress Publishing Ltd.,
2019.
الموضوعات:
الوصول للمادة أونلاين: Login to view Source
الوسوم: إضافة وسم
رقم الطلب: CC79.G46
| LEADER | 02117nam a2200397 i 4500 | ||
|---|---|---|---|
| 001 | EDZ0002106374 | ||
| 003 | StDuBDS | ||
| 005 | 20230412182605.0 | ||
| 006 | m|||||o||d|||||||| | ||
| 007 | cr ||||||||||| | ||
| 008 | 190909s2019 enka fob 100|0|eng|d | ||
| 020 | |a 9781789693072 (PDF ebook) : |c No price | ||
| 040 | |a StDuBDS |b eng |c StDuBDS |e rda |e pn | ||
| 050 | 4 | |a CC79.G46 | |
| 082 | 0 | 4 | |a 930.1028 |2 23 |
| 111 | 2 | |a International Conference on Archaeological Prospection |n (13th : |d 2019 : |c Sligo, Ireland), |j creator. | |
| 245 | 1 | 0 | |a New global perspectives on archaeological prospection : |b 13th International Conference on Archaeological Prospection, 28 August - 1 September 2019, Sligo - Ireland / |c edited by James Bonsall. |
| 264 | 1 | |a Summertown, Oxford : |b Archaeopress Publishing Ltd., |c 2019. | |
| 300 | |a 1 online resource (360 pages) : |b illustrations (black and white, and colour) | ||
| 336 | |a text |2 rdacontent | ||
| 336 | |a still image |2 rdacontent | ||
| 337 | |a computer |2 rdamedia | ||
| 338 | |a online resource |2 rdacarrier | ||
| 500 | |a "Available in both print and Open Access"--Homepage. | ||
| 504 | |a Includes bibliographical references. | ||
| 520 | 8 | |a This volume presents over 90 papers from the 13th International Conference on Archaeological Prospection 2019, Sligo. Papers address archaeological prospection techniques, methodologies and case studies from 33 countries across Africa, Asia, Australasia, Europe and North America, reflecting current and global trends in archaeological prospection. | |
| 521 | |a Specialized. | ||
| 588 | |a Description based on online resource; title from PDF title page (viewed on November 20, 2019). | ||
| 650 | 0 | |a Geophysics in archaeology |v Congresses. | |
| 650 | 0 | |a Prospecting |x Geophysical methods |v Congresses. | |
| 700 | 1 | |a Bonsall, James, |e editor. | |
| 776 | 0 | 8 | |i Print version : |z 9781789693065 |
| 856 | 4 | 0 | |3 Archaeopress |u http://library.arce.org:8087/Archaeopress/Products/9781789693065 |
| 942 | |2 lcc |c EBOOK | ||
| 952 | |0 0 |1 0 |4 0 |6 CC0079 G46 |7 1 |9 46592 |a ARCH |b ARCH |d 2023-04-12 |l 0 |o CC79.G46 |r 2023-04-12 00:00:00 |w 2023-04-12 |y EBOOK | ||
| 999 | |c 52250 |d 52250 | ||
